Представление документа в формате MARC21

ПолеНазваниеЗначение
  Тип записи a
  Библиографический уровень m
001 Контрольный номер RU/URAIT/545512
003 Принадлежность контрольного номера https://urait.ru/bcode/545512
005 Дата корректировки 20240827112621.9
008 Кодируемые данные
020 Индекс ISBN __
a ISBN 978-5-534-18766-3
c Цена, тираж 349.00
040 Источник каталогиз. __
a Служба первич. каталог. ИКО Юрайт
b Код языка каталог. rus
c Служба, преобразующая запись ИКО Юрайт
041 Код языка издания 0_
a Код языка текста rus
044 Код страны публикации __
a Код страны публикации RU
073 _1
a 9785534187663
d 349.00
080 Индекс УДК __
a Индекс УДК 66.01(075.8)
084 Индекс другой классификации/Индекс ББК __
a Индекс другой классификации/Индекс ББК 35.11я73
2 Источник индекса rubbk
091 Индексы/ коды __
a Индекс ББК (DOS) 35.11я73
z rubbk
100 Автор 1_
a Автор Игнатенков В. И.
q Полное имя Владимир Иванович
230 __
a Электрон. дан.
245 Заглавие 00
a Заглавие Химические процессы и реакторы
b Продолж. заглавия учебное пособие
c Ответственность В. И. Игнатенков.
260 Выходные данные 1_
a Место издания Москва
b Издательство Юрайт
c Дата издания 2024
300 Физическое описание __
a Объем 117 с
440 Серия _0
a Серия Профессиональное образование
500 Примечания __
a Примечание URL: https://urait.ru/bcode/545512 (дата обращения: 27.08.2024).
520 Аннотация __
a Аннотация Учебное пособие "Химические процессы и реакторы" есть один из разделов курса "общая химическая технология, в котором изучаются влияние стехиометрических, термодинамических и кинетических закономерностей на химическое превращение исходного компонента с целью более полной переработки исходного компонента и получения наибольшего выхода целевого продукта. Химическое превращение осуществляется в реакторах различного типа или в различных системах одноимённых реакторов. Выбор типа реактора или системы реакторов направлен зависит от интенсивности единичного реактора или интенсивности системы реакторов, а также от выхода целевого продукта, получаемого в единичном реакторе или в системе реакторов. Учебное пособие предназначено для студентов химико-технологических факультетов образовательных учреждений среднего профессионального образования, а также будет полезно при изучении других курсов по химической технологии.
538 Прим. о системных особенностях __
a Прим. о системных особенностях Режим доступа: Электронно-библиотечная система Юрайт, для авториз. пользователей
653 Ключевые слова 2_
a Ключевые слова Химия. Химические технологии
653 Ключевые слова 2_
a Ключевые слова Естественные науки
653 Ключевые слова 2_
a Ключевые слова Химические реакторы
856 Электронный адрес документа 40
n Местонахождение сервера Юрайт
g Электронная книга
q Тип электронного формата html
h Имя пользователя ЮРАЙТ
v Часы доступа к ресурсу 20251231
2 Способ доступа Показать документ
x Служебное примечание https://urait.ru/book/cover/3F302FBA-98D7-4710-AAB2-07DAB3AEEF83
u URL https://urait.ru/bcode/545512
856 Электронный адрес документа 41
q Тип электронного формата cover
u URL https://urait.ru/book/cover/3F302FBA-98D7-4710-AAB2-07DAB3AEEF83